000 00217 a2200109 4500
020 _a012300006002
041 _aspa
100 _aKenda, Margaret.
245 _aScience wizardry for kids
942 _cBK
999 _c6021
_d6021
999 _d6021